000 01177nam a22003377a 4500
001 3667681
003 OSt
005 20210426095647.0
008 770511s1977 nyu 000 0aeng
010 _a 77076640
020 _a0312020317
040 _aDLC
_cDLC
_dDLC
_beng
041 _aeng
043 _ae-uk-en
050 0 0 _aSF613.H44
_bA285
080 _a821.111
_bH-58
082 0 0 _a636.089/092/4
_aB
100 1 _aHerriot, James.
245 1 0 _aAll things wise and wonderful /
_c: The Warm and Joyful Sequel to all Things Bright and Beautiful
_b/ by: St. Martin's Press
260 _aNew York :
_bSt. Martin's Press
_cc1977.
300 _a432 p.
_c22 cm.
365 _b10 usd
600 1 0 _aHerriot, James.
650 0 _aVeterinarians
_zEngland
_zYorkshire
_xBiography.
650 0 _aEnglish literature
_9247
653 _aინგლისური ლიტერატურა
856 4 2 _3Contributor biographical information
_uhttp://www.loc.gov/catdir/bios/hol054/77076640.html
856 4 2 _3Publisher description
_uhttp://www.loc.gov/catdir/description/hol042/77076640.html
906 _a7
_bcbc
_corignew
_d1
_eopcn
_f19
_gy-gencatlg
942 _2udc
_cBK
999 _c1305
_d1305